What is the tenancy deposit scheme for regulated agents? (Record no. 74912)

MARC details
000 -LEADER
fixed length control field 01328cab a2200229 4500
001 - CONTROL NUMBER
control field ABS68845
008 - FIXED-LENGTH DATA ELEMENTS--GENERAL INFORMATION
fixed length control field 050314n2005 000 0 eng u
035 ## - SYSTEM CONTROL NUMBER
System control number (Sirsi) u129042
100 ## - MAIN ENTRY--PERSONAL NAME
Personal name Greenberg, L.
245 ## - TITLE STATEMENT
Title What is the tenancy deposit scheme for regulated agents?
260 ## - PUBLICATION, DISTRIBUTION, ETC.
Date of publication, distribution, etc. 2005
490 ## - SERIES STATEMENT
Series statement Estate Agent
Volume/sequential designation February/March 2005, 9-10(2)
520 ## - SUMMARY, ETC.
Summary, etc. Describes the operation of the Tenancy Deposit Scheme for Regulated Agents (TDSRA) and how it meets the requirements of the Housing Act 2004, which makes it mandatory for tenancy deposits to be protected and that disputes over their return be open to resolution without access to the courts. It covers the key elements of the Act, how TDSRA works, who can join the scheme, its definition of an approved body and how the scheme is managed. Concludes with a summary of the benefits for regulated agents. View further information at www.tds.gb.com.
590 ## - LOCAL NOTE (RLIN)
Local note ABS
650 ## - SUBJECT ADDED ENTRY--TOPICAL TERM
Topical term or geographic name entry element TENANCY DEPOSIT SCHEME FOR REGULATED AGENTS
650 ## - SUBJECT ADDED ENTRY--TOPICAL TERM
Topical term or geographic name entry element TENANCY DEPOSIT SCHEME (TDS)
650 ## - SUBJECT ADDED ENTRY--TOPICAL TERM
Topical term or geographic name entry element HOUSING ACT 2004
650 ## - SUBJECT ADDED ENTRY--TOPICAL TERM
Topical term or geographic name entry element ASSURED SHORTHOLD TENANCIES
690 ## - LOCAL SUBJECT ADDED ENTRY--TOPICAL TERM (OCLC, RLIN)
Topical term or geographic name as entry element PROPERTY-RESIDENTIAL PROPERTY-RESIDENTIAL LANDLORD AND TENANT-RESIDENTIAL TENANCIES
856 ## - ELECTRONIC LOCATION AND ACCESS
Uniform Resource Identifier <a href="https://www.tds.gb.com/">https://www.tds.gb.com/</a>
Public note View further information on the Dispute Service website...
942 ## - ADDED ENTRY ELEMENTS (KOHA)
Suppress in OPAC 0
Holdings
Withdrawn status Lost status Source of classification or shelving scheme Damaged status Not for loan Home library Current library Shelving location Date acquired Total Checkouts Full call number Barcode Date last seen Copy number Price effective from Koha item type
    Dewey Decimal Classification     London London Journal article 14/03/2005   ABS68845 129042-1001 06/08/2019 1 06/08/2019 Journal article